General Knowledge Quiz - Statistics

General Stats
  • This quiz has been taken 20 times
  • The average score is 7 of 10
Answer Stats
Question Answer % Correct
What year did WWII end? 1944
81%
Who was the last Tsar of Russia? Nicholas Romanov
81%
What is the capital of Italy? Rome
81%
What country was originally apart of Slovakia? Czech republic
75%
Who won the United States civil war? Union
75%
What Russian politician had a big role in the Cuban missile crisis? Nikita Khrushchev
69%
Who was the eighteenth president of the United States? Ulysess S. Grant
69%
Who killed Alexander Hamilton? Aaron Burr
56%
Who was Henry VIII second wife? Anne Boleyn
44%
Who is the god of the dessert and war in ancient Egyptian mythology? Set
19%
No matching quizzes found
Score Distribution
Percent of People with Each Score
Percentile by Number Answered
Your Score History
You have not taken this quiz